Abhī aura kucha / (Record no. 81995)
[ view plain ]
| 000 -LEADER | |
|---|---|
| fixed length control field | 00717cam a22002531a 4500 |
| 001 - CONTROL NUMBER | |
| control field | sa 68007715 |
| 003 - CONTROL NUMBER IDENTIFIER | |
| control field | DLC |
| 005 - DATE AND TIME OF LATEST TRANSACTION | |
| control field | 20260227112525.0 |
| 008 - FIXED-LENGTH DATA ELEMENTS--GENERAL INFORMATION | |
| fixed length control field | 941012s1968 ii 000 0 hino |
| 010 ## - LIBRARY OF CONGRESS CONTROL NUMBER | |
| LC control number | sa 68007715 |
| 025 ## - OVERSEAS ACQUISITION NUMBER | |
| Overseas acquisition number | PL480:I-H-5591 |
| 035 ## - SYSTEM CONTROL NUMBER | |
| System control number | (OCoLC)31273816 |
| 040 ## - CATALOGING SOURCE | |
| Original cataloging agency | DLC |
| Transcribing agency | CU |
| Modifying agency | CU |
| -- | WaU |
| -- | DLC |
| 042 ## - AUTHENTICATION CODE | |
| Authentication code | premarc |
| 050 00 - LIBRARY OF CONGRESS CALL NUMBER | |
| Classification number | PK2098.28.T45 |
| Item number | A7 |
| 100 1# - MAIN ENTRY--PERSONAL NAME | |
| Personal name | Māthura, Śakunta, |
| Dates associated with a name | 1920- |
| 245 10 - TITLE STATEMENT | |
| Title | Abhī aura kucha / |
| Statement of responsibility, etc. | Śakunta Māthura. |
| 250 ## - EDITION STATEMENT | |
| Edition statement | 1. saṃskarṇa. |
| 260 ## - PUBLICATION, DISTRIBUTION, ETC. | |
| Place of publication, distribution, etc. | Kalakattā : |
| Name of publisher, distributor, etc. | Bhāratīya Jñānapīṭha Prakāśana, |
| Date of publication, distribution, etc. | 1968. |
| 300 ## - PHYSICAL DESCRIPTION | |
| Extent | 96 p. ; |
| Dimensions | 22 cm. |
| 440 #0 - SERIES STATEMENT/ADDED ENTRY--TITLE | |
| Title | Lokodaya granthamālā ; |
| Volume/sequential designation | granthāṅka 260 |
| 500 ## - GENERAL NOTE | |
| General note | Poems. |
| 546 ## - LANGUAGE NOTE | |
| Language note | In Hindi. |
No items available.